Sweet corn /

Bibliographic Details
Main Author: Wilkinson, Albert Edmund, 1879-
Format: Book
Language:English
Published: New York : Orange Judd company; [etc., etc.], 1915.
Subjects:

MARC

Tag First Indicator Second Indicator Subfields
LEADER 00000cam a2200000 4500
001 in00000043788
005 20151007075018.0
008 761026s1915 nyua 00010 eng
010 |a  15018424  
035 |a (OCoLC)02531359 
035 |9 AAF2487AM 
040 |a DLC  |c OHI  |d TXA  |d UtOrBLW 
049 |a TXAM  |c 1 [3750]  |c 2 [3894] 
050 0 0 |a SB351.C7  |b W6 
092 |a 633.15  |b W686s 
100 1 |a Wilkinson, Albert Edmund,  |d 1879- 
245 1 0 |a Sweet corn /  |c by Albert E. Wilkinson ... 
264 1 |a New York :  |b Orange Judd company; [etc., etc.],  |c 1915. 
300 |a vii, 203 pages :  |b illustrations ;  |c 19 cm. 
336 |a text  |b txt  |2 rdacontent 
337 |a unmediated  |b n  |2 rdamedia 
338 |a volume  |b nc  |2 rdacarrier 
650 0 |a Corn. 
999 |a MARS 
999 f f |s 0e54dba3-5e75-3572-a9d1-774e14701d6f  |i f5d841a3-d3e5-3c07-b264-1fb570f9a341  |t 0 
952 f f |p ric  |a Texas A&M University  |b Rellis Campus  |c Joint Library Facility  |d Remote Storage  |t 0  |e SB351.C7 W6  |h Library of Congress classification  |i unmediated -- volume  |m A14801072918 
998 f f |a SB351.C7 W6  |t 0  |l Remote Storage